| 000 | 00947cas a22002055a 4500 | ||
|---|---|---|---|
| 001 | L143539 | ||
| 008 | 080515c200u xxkmr wss s 0 a0eng u | ||
| 035 | _a(Sirsi) u143539 | ||
| 041 | 0 | _aeng | |
| 110 | 2 |
_aKnight Frank _91530 |
|
| 245 | 0 | 0 |
_aLondon residential review _h[electronic resource] |
| 260 |
_aLondon _bKnight Frank _c200?- |
||
| 490 | 0 | _aLondon Residential Review | |
| 520 | _aProvides a commentary on the London residential property market, including sales and lettings. Graphs show trends in various areas of the city and according to various sources. Includes focus on city lettings, prime and super-prime Central London. Comments on the future outlook. | ||
| 554 | _aMonthly | ||
| 651 | 4 | _aLondon | |
| 690 | _aPROPERTY-RESIDENTIAL PROPERTY-RESIDENTIAL PROPERTY MARKET | ||
| 856 | 4 | 0 |
_uhttps://www.knightfrank.com/research/ViewDetails.aspx?reportTitleid=155 _zView the item free of charge at www.knightfrank.com... |
| 942 | _n0 | ||
| 999 |
_c119181 _d119181 |
||